Nghiên cứu tác động của ẩm thực địa phương đến sự hấp dẫn khách du lịch khi đến tỉnh Trà Vinh : Báo cáo tổng kết đề tài nghiên cứu khoa học của sinh viên

Nghiên cứu tác động của ẩm thực địa phương đến sự hấp dẫn khách du lịch khi đến tỉnh Trà Vinh, từ đó đề xuất giải pháp nâng cao tính hấp dẫn của đặc sản ẩm thực địa phương đến sự thu hút du khách đến du lịch tại tỉnh Trà Vinh....

وصف كامل

محفوظ في:
التفاصيل البيبلوغرافية
المؤلف الرئيسي: Nguyễn, Chung Kim Ngân
التنسيق: كتاب
اللغة:Undetermined
منشور في: Cần Thơ Trường Đại học Cần Thơ 2018
الموضوعات:
الوسوم: إضافة وسم
لا توجد وسوم, كن أول من يضع وسما على هذه التسجيلة!
Thư viện lưu trữ: Trung tâm Học liệu Trường Đại học Cần Thơ
LEADER 01345nam a2200229Ia 4500
001 CTU_229268
008 210402s9999 xx 000 0 und d
082 |a 338.4791 
082 |b Ng121 
088 |a TSV2018-50 
100 |a Nguyễn, Chung Kim Ngân 
245 0 |a Nghiên cứu tác động của ẩm thực địa phương đến sự hấp dẫn khách du lịch khi đến tỉnh Trà Vinh : 
245 0 |b Báo cáo tổng kết đề tài nghiên cứu khoa học của sinh viên 
245 0 |c Nguyễn Chung Kim Ngân (Chủ nhiệm đề tài) ; Lê Thị Diệu Hiền (Người hướng dẫn) 
260 |a Cần Thơ 
260 |b Trường Đại học Cần Thơ 
260 |c 2018 
520 |a Nghiên cứu tác động của ẩm thực địa phương đến sự hấp dẫn khách du lịch khi đến tỉnh Trà Vinh, từ đó đề xuất giải pháp nâng cao tính hấp dẫn của đặc sản ẩm thực địa phương đến sự thu hút du khách đến du lịch tại tỉnh Trà Vinh. 
650 |a Du lịch,Tourism 
650 |x Công nghiệp và thương mại,Industry and trade 
910 |b nthai 
980 |a Trung tâm Học liệu Trường Đại học Cần Thơ